Estadísticas para Goleador de cada seleccion- Mundial 2014

Haz click aquí para intentar la prueba.

Estadísticas generales

  • Esta prueba ha sido intentada 44 veces
  • La puntuación promedio es 26 de 61

Estadísticas de respuestas

SeleccionJugadorG% Correcto
ArgentinaLionel Messi4
100%
BrasilNeymar4
94%
PortugalCristiano Ronaldo1
92%
ColombiaJames Rodriguez6
89%
UruguayLuis Suarez2
89%
AlemaniaThomas Muller5
86%
Corea del SurKoo Ja-cheol1
83%
EspañaDavid Villa1
81%
Paises BajosRobin van Persie4
81%
BelgicaRomelu Lukaku1
81%
BelgicaKevin de Bruyne3
78%
Corea del SurSon Heung-min1
75%
ChileAlexis Sanchez2
69%
BosniaEdin Dzeko1
69%
EspañaFernando Torres1
67%
MexicoJavier Hernandez1
64%
FranciaKarim Benzema3
64%
BosniaMiralem Pjanic1
56%
EcuadorEnner Valencia3
53%
CroaciaMario Mandzukic2
53%
InglaterraWayne Rooney1
53%
MexicoAndres Guardado1
50%
Costa RicaBryan Ruiz2
50%
CroaciaIvan Perisic2
50%
Corea del SurLee Keun-ho1
47%
PortugalNani1
47%
AustraliaTim Cahill2
47%
SuizaXherdan Shaqiri3
47%
BelgicaDries Mertens1
42%
JaponKeisuke Honda1
42%
MexicoRafael Marquez1
42%
EEUUClint Dempsey2
39%
ItaliaMario Balotelli1
39%
BelgicaMarouane Fellaini1
39%
NigeriaAhmed Musa2
33%
MexicoGiovani dos Santos1
33%
EspañaXabi Alonso1
33%
Costa de MarfilGervinho2
31%
GhanaAsamoah Gyan1
28%
GreciaSokratis Papastathopoulos1
28%
BelgicaJan Vertonghen1
25%
EspañaJuan Mata1
25%
BelgicaDivock Origi1
22%
MexicoOribe Peralta1
22%
ItaliaClaudio Marchisio1
19%
GreciaGeorgios Samaras1
19%
ArgeliaIslam Slimani2
19%
GhanaAndre Ayew1
17%
InglaterraDaniel Sturridge1
14%
GreciaAndreas Samaris1
8%
HondurasCarlo Costly1
8%
BosniaVedad Ibisevic1
8%
JaponShinji Okazaki1
6%
Costa de MarfilWilfried Bony2
6%
ArgeliaAbdelmoumene Djabou2
3%
CamerunJoel Matip1
3%
RusiaAleksandr Kerzhakov1
0%
RusiaAleksandr Kokorin1
0%
BosniaAvdija Vrsajevic1
0%
IranReza Ghoochannejhad1
0%
PortugalSilvestre Varela1
0%

Distribución de puntuación

Porcentaje por número respondido

Porcentaje de gente con cada puntuación

Historial de tus puntuaciones

No has intentado esta prueba.